| 000 | 01298nam0a2200313 4500 | ||
|---|---|---|---|
| 001 | RU\NLR\bibl\1142175 | ||
| 005 | 20260406080319.0 | ||
| 010 |
_a978-5-699-22479-1 _940000 |
||
| 021 |
_aRU _b2007-49797 _92634 |
||
| 035 | _a(NLR Aleph) 001129027 | ||
| 090 |
_a1346043 _c1346043 |
||
| 100 | _a20071017d2007 |||y0rusy50 ca | ||
| 101 | 0 | _arus | |
| 102 | _aRU | ||
| 105 | _aa ||||||||| | ||
| 200 | 1 |
_aОбещание _eподелка+словарик _e[книга предназначена для чтения родителями детям _fтекст: К. Булатова, М. Корнилова, А. Прохоров] |
|
| 210 |
_aМосква _cЭксмо _d2007 |
||
| 215 |
_a16,[1] с. _cцв. ил. _d26 |
||
| 225 | 1 | _aСмешарики | |
| 225 | 1 | _aМультколлекция | |
| 300 | _aАвт. указаны в вып. дан. | ||
| 700 | 1 |
_aБулатова _bК. _4070 |
|
| 701 | 1 |
_4070 _8rus _7ca _aКорнилова _bМ. _cдет. писатель _gМария _3RU\NLR\auth\7741607 _924555 |
|
| 701 | 1 |
_4070 _8rus _7ca _aПрохоров _bА. В. _cдеятель культуры _f1948- _gАнатолий Валентинович _3RU\NLR\auth\7741604 _924552 |
|
| 801 | 0 |
_aRU _bNLR _c20071017 _gRCR |
|
| 801 | 1 |
_aRU _bNLR _c20071017 |
|
| 942 | _cBOOK | ||
| 980 | _aNB | ||